La industria lechera / (Record no. 107641)

MARC details
000 -LEADER
campo de control de longitud fija 00562nam a2200193 4500
001 - NÚMERO DE CONTROL
campo de control 107641
003 - IDENTIFICADOR DE NÚMERO DE CONTROL
campo de control ES-MaACL
005 - FECHA Y HORA DE LA ÚLTIMA TRANSACCIÓN
campo de control 20230906184448.0
007 - CAMPO FIJO DE DESCRIPCIÓN FÍSICA--INFORMACIÓN GENERAL
campo de control de longitud fija t|
008 - DATOS DE LONGITUD FIJA--INFORMACIÓN GENERAL
campo de control de longitud fija 061121q19201929ag r ||||1| spa d
100 1# - ENTRADA PRINCIPAL--NOMBRE DE PERSONA
Nombre de persona Morelli, L.
9 (RLIN) 83255
245 13 - MENCIÓN DEL TÍTULO
Título La industria lechera /
Mención de responsabilidad, etc. L. Morelli; tradución Dr. Pedro J. Girona.
250 ## - MENCION DE EDICION
Mención de edición 3.ª ed. rev. y aum.
260 ## - PUBLICACIÓN, DISTRIBUCIÓN, ETC.
Lugar de publicación, distribución, etc. Buenos Aires :
Nombre del editor, distribuidor, etc. Edit.Reunidas,
Fecha de publicación, distribución, etc. [192-?]
300 ## - DESCRIPCIÓN FÍSICA
Extensión 311 p. + 1 gráf. ;
Dimensiones 19.
700 1# - ENTRADA AGREGADA--NOMBRE PERSONAL
Nombre de persona Girona, Pedro J.
9 (RLIN) 216052
852 ## - LOCALIZACIÓN
Ubicación ES-MaACL
Número de control de estantería C-13393
Sublocalización o colección R.41409
Holdings
Estatus retirado Estado de pérdida Estado de daño No para préstamo Biblioteca de origen Biblioteca actual Ubicación en estantería Fecha de adquisición Fuente de adquisición Total de préstamos Signatura topográfica completa Código de barras Visto por última vez Precio de reemplazo Tipo de ítem Koha
        Biblioteca del Ateneo de Madrid Biblioteca del Ateneo de Madrid Sala Palomar 17/01/2008     C-13393 1112336 23/02/2023 23/02/2023 Libro impreso